The dawn of European civilization / (Record no. 21228)
[ view plain ]
| 000 -LEADER | |
|---|---|
| fixed length control field | 01006nam a22003011 4500 |
| 001 - CONTROL NUMBER | |
| control field | 21228 |
| 003 - CONTROL NUMBER IDENTIFIER | |
| rucl marc code | BD-RjUL |
| 005 - DATE AND TIME OF LATEST TRANSACTION | |
| control field | 20211209000649.0 |
| 008 - FIXED-LENGTH DATA ELEMENTS--GENERAL INFORMATION | |
| fixed length control field | 140303s1961 enkab b 000 0 eng |
| 035 ## - SYSTEM CONTROL NUMBER | |
| System control number | (BD-RjUL)21292 |
| System control number | BD-RjUL |
| 040 ## - CATALOGING SOURCE | |
| Original cataloging agency | DLC |
| Transcribing agency | OKentU |
| Modifying agency | OCoLC |
| -- | BD-RjUL |
| Language of cataloging | eng |
| 041 ## - LANGUAGE CODE | |
| Language code of text/sound track or separate title | eng |
| 082 ## - DEWEY DECIMAL CLASSIFICATION NUMBER | |
| Classification number | 901.9 |
| Author mark and year | CHD 1961 |
| 100 1# - MAIN ENTRY--PERSONAL NAME | |
| Personal name | Childe, V. Gordon |
| Fuller form of name | (Vere Gordon), |
| Dates associated with a name | 1892-1957. |
| 9 (RLIN) | 34294 |
| 245 14 - TITLE STATEMENT | |
| Title | The dawn of European civilization / |
| Statement of responsibility, etc. | by V. Gordon Childe . |
| 260 ## - PUBLICATION, DISTRIBUTION, ETC. (IMPRINT) | |
| Place of publication, distribution, etc. | London, |
| Name of publisher, distributor, etc. | K. Paul, Trench, Trubner & Co. ltd.; |
| Place of publication, distribution, etc. | New York, |
| Name of publisher, distributor, etc. | A.A. Knopf, |
| Date of publication, distribution, etc. | 1961. |
| 300 ## - PHYSICAL DESCRIPTION | |
| Pagination | xvi, 328 p. : |
| Illustrations | illus. (incl. maps) ; |
| Size | 25 cm. |
| 490 0# - SERIES STATEMENT | |
| Series statement | The history of civilization. [Pre-history and antiquity] |
| 504 ## - BIBLIOGRAPHY, ETC. NOTE | |
| Bibliography, etc | "Authorities" at end of most of the chapters. |
| 650 #0 - SUBJECT ADDED ENTRY--TOPICAL TERM | |
| Topical term or geographic name as entry element | Archaeology. |
| 9 (RLIN) | 65629 |
| Topical term or geographic name as entry element | Prehistoric peoples. |
| 9 (RLIN) | 65630 |
| 651 #0 - SUBJECT ADDED ENTRY--GEOGRAPHIC NAME | |
| Geographic name | Europe |
| General subdivision | History. |
| 9 (RLIN) | 65631 |
| Geographic name | Europe |
| General subdivision | Civilization. |
| 9 (RLIN) | 34553 |
| 942 ## - ADDED ENTRY ELEMENTS (KOHA) | |
| Source of classification or shelving scheme | Dewey Decimal Classification |
| Koha item type | Books |
| Lost status | Source of classification or shelving scheme | Damaged status | Not for loan | Collection code | Permanent Location | Current Location | Shelving location | Date acquired | Source of acquisition | Cost, normal purchase price | Total Checkouts | Full call number | Date last seen | Copy number | Koha item type |
|---|---|---|---|---|---|---|---|---|---|---|---|---|---|---|---|
| Dewey Decimal Classification | Non-fiction | Central Library, University of Rajshahi | Central Library, University of Rajshahi | 06/07/1968 | Sweet & Zeither | 42.00 | 901.9 CHD 1961 | 03/03/2014 | C-2 | Books | |||||
| Dewey Decimal Classification | Added to bundle | Non-fiction | Central Library, University of Rajshahi | Central Library, University of Rajshahi | Reading Room | 11/12/1955 | W. U. S. | 22.12 | 901.9 CHD 1950 | 04/03/2014 | C-1 | Books |